Communicative English / (Record no. 81677)

MARC details
000 -LEADER
fixed length control field 00556nam a22001937a 4500
005 - DATE AND TIME OF LATEST TRANSACTION
control field 20140108155311.0
010 ## - LCCN (DPL NO)
LC control number ENG-109029
020 ## - INTERNATIONAL STANDARD BOOK NUMBER
International Standard Book Number 9788183164382
Terms of availability 500.00
035 ## - SYSTEM CONTROL NUMBER
System control number EN-92562
037 ## - SOURCE OF ACQUISITION
Source of stock number/acquisition DBAD/PUB
082 ## - DEWEY DECIMAL CLASSIFICATION NUMBER
Classification number 485
100 ## - MAIN ENTRY--PERSONAL NAME
Personal name Hariprasad, M.
245 ## - TITLE STATEMENT
Title Communicative English /
Statement of responsibility, etc by M. Hariprasad; edited by V. Prakasam
260 ## - PUBLICATION, DISTRIBUTION, ETC. (IMPRINT)
Place of publication, distribution, etc Hyderabad
Name of publisher, distributor, etc Neelkamal Publications
Date of publication, distribution, etc 2014
270 ## - ADDRESS
Address Sultan Bazar
City Hyderabad
Postal code 500095
300 ## - PHYSICAL DESCRIPTION
Extent viii,183p.
Dimensions 23cm(Hb)
700 ## - ADDED ENTRY--PERSONAL NAME
Personal name Prakasam, V.
942 ## - ADDED ENTRY ELEMENTS (KOHA)
Source of classification or shelving scheme Dewey Decimal Classification
Item type English Books
Call number suffix HAR
Classification part 485
Holdings
Withdrawn status Lost status Not for loan Collection code Home library Current library Date acquired Source of acquisition Cost, normal purchase price Full call number Barcode Copy number Cost, replacement price Koha item type
    Not For Loan Non-fiction D.B.Act.Division D.B.Act.Division 06/01/2014 DBAD/PUB 500.00 485 HAR EN-92562 1 500.00 English Books

© Delhi Public Library
Hit Counter
free hit counter